[Event "It (open) \"]
[Site "masterchessopen.com Cologne (Germany)"]
[Round "8"]
[White "Holzke Frank (GER)"]
[Black "Schulte Torsten (GER)"]
[Result "1-0"]
[WhiteElo "2385"]
[BlackElo "2164"]

1.e4 c5 2.Nf3 d6 3.d4 cxd4 4.Nxd4 Nf6 5.Nc3 Nc6 6.Bg5 e6 7.Qd2 Be7 8.O-O-O O-O
9.Nb3 a6 10.Bxf6 gxf6 11.f4 b5 12.Bd3 Nb4 13.Qe2 Kh8 14.Qh5 Qe8 15.e5 f5
16.exd6 Bxd6 17.Bxf5 Bxf4+ 18.Kb1 exf5 19.Qf3 Be6 20.Qxf4 Nc6 21.Rhe1 Rd8
22.Nd5 Qd7 23.Nf6 Qxd1+ 24.Rxd1 Rxd1+ 25.Nc1 Rg8 26.Qf3 Rd6 27.Nxg8 {#r} 1-0

[Event "It (open) \"]
[Site "masterchessopen.com Cologne (Germany)"]
[Round "1"]
[White "Rosenberger Frank (GER)"]
[Black "Modniewski Eberhard"]
[Result "1-0"]
[WhiteElo "2165"]
[BlackElo "1845"]

1.e4 c5 2.Nf3 Nc6 3.d4 cxd4 4.Nxd4 Nf6 5.Nc3 d6 6.Bg5 e6 7.Qd2 Be7 8.O-O-O Bd7
9.Ndb5 O-O 10.Nxd6 Be8 11.Nxe8 Qxe8 12.Be2 Rc8 13.Kb1 a6 14.Qe3 b5 15.e5 Nd7
16.Bxe7 Qxe7 17.f4 Na5 18.Ne4 Nc4 19.Bxc4 Rxc4 20.Rd6 Nb8 21.Rhd1 h6 22.b3 Rc7
23.Qd3 Rcc8 24.g4 Qc7 25.h4 Qa5 26.g5 Nc6 27.c3 h5 28.Nf6+ gxf6 29.gxf6 Nxe5
30.fxe5 Qxc3 31.Rg1+ Kh8 32.Qe2 {#r} 1-0

[Event "Ch Hessen (w)"]
[Site "masterchessopen.com Hessen (Germany)"]
[Round "6"]
[White "Weng Annegret (GER)"]
[Black "Mueller Matthias-Michael (GER)"]
[Result "1-0"]
[WhiteElo "2141"]
[BlackElo "2307"]

1.e4 c5 2.Nf3 Nc6 3.d4 cxd4 4.Nxd4 Nf6 5.Nc3 d6 6.Bg5 e6 7.Qd2 Bd7 8.O-O-O Be7
9.f4 O-O 10.Nf3 Qb8 11.g4 d5 12.exd5 exd5 13.Bxf6 Bxf6 14.Nxd5 Bxg4 15.Nxf6+
gxf6 16.Rg1 f5 17.h3 Kh8 18.hxg4 Rd8 19.Qc3+ Kg8 20.gxf5+ {#r} 1-0

[Event "It (cat.7)"]
[Site "masterchessopen.com Las Palmas (Spain)"]
[Round "0"]
[White "Ochoa De Echaguen F Javier (ESP)"]
[Black "Castellano Ojeda Jose (ESP)"]
[Result "1-0"]
[WhiteElo "2425"]
[BlackElo "2200"]

1.e4 c5 2.Nf3 Nc6 3.d4 cxd4 4.Nxd4 Nf6 5.Nc3 d6 6.Bg5 e6 7.Qd2 Be7 8.O-O-O O-O
9.Nb3 Qb6 10.f3 Rd8 11.Nb5 Rd7 12.N5d4 d5 13.Nxc6 bxc6 14.e5 Ne8 15.Bxe7 Rxe7
16.Qc3 Ba6 17.f4 Bxf1 18.Rhxf1 a5 19.Qd4 Rb7 20.Nc5 Rbb8 21.Rf3 Nc7 22.Nd7
Qxd4 23.Rxd4 Rd8 24.Nc5 Rab8 25.Ra4 Rb5 26.Nb3 Ra8 27.Rc3 Ra6 28.Nd4 Rbb6
29.Rc5 Nb5 30.Nxc6 Nc3 31.Nd4 {#r} 1-0

[Event "It (open)"]
[Site "masterchessopen.com Ljubljana (Slovenia)"]
[Round "0"]
[White "Mazi Leon (SLO)"]
[Black "Licina Anita (SLO)"]
[Result "1-0"]
[WhiteElo "2365"]
[BlackElo "2125"]

1.e4 c5 2.Nf3 Nc6 3.d4 cxd4 4.Nxd4 Nf6 5.Nc3 d6 6.Bg5 e6 7.Qd2 Be7 8.O-O-O O-O
9.Nb3 a6 10.f4 b5 11.Bxf6 gxf6 12.g4 Kh8 13.h4 Rg8 14.g5 fxg5 15.hxg5 Rxg5
16.e5 d5 17.Bd3 Rg7 18.Bxh7 Rxh7 19.Rxh7+ Kxh7 20.Qh2+ Bh4 21.Rg1 f5 22.Rg5
{#r} 1-0

[Event "Ch Australia"]
[Site "masterchessopen.com Melbourne (Australia)"]
[Round "6"]
[White "Canfell Gregory (AUS)"]
[Black "Goldenberg Igor (AUS)"]
[Result "0-1"]
[WhiteElo "2326"]
[BlackElo "2385"]

1.e4 c5 2.Nf3 d6 3.d4 cxd4 4.Nxd4 Nf6 5.Nc3 Nc6 6.Bg5 e6 7.Qd2 Be7 8.O-O-O O-O
9.Nb3 a6 10.Bxf6 Bxf6 11.Qxd6 Bxc3 12.bxc3 Qf6 13.Qg3 b5 14.Rd6 Bb7 15.f4 Rad8
16.e5 Qe7 17.Rxd8 Rxd8 18.Bd3 a5 19.Kb2 a4 20.Nc1 Na5 21.Rd1 Nc4+ 22.Ka1 g6
23.Ne2 Qa3 24.Rb1 Bd5 25.Rxb5 Ne3 {#R} 0-1

[Event "Olympiad (w)"]
[Site "masterchessopen.com Moscow (Russia)"]
[Round "3"]
[White "Battsetseg Tsagaan (USA)"]
[Black "Saraiva Tania (POR)"]
[Result "1-0"]
[WhiteElo "2230"]
[BlackElo "1911"]

1.e4 c5 2.Nf3 Nc6 3.d4 cxd4 4.Nxd4 d6 5.Nc3 Nf6 6.Bg5 e6 7.Qd2 Be7 8.f3 a6
9.O-O-O Qc7 10.Kb1 O-O 11.h4 b5 12.Nxc6 Qxc6 13.Bd3 Bb7 14.h5 b4 15.Ne2 a5
16.g4 Qc5 17.Be3 Qc7 18.g5 Nd7 19.g6 Ne5 20.Nd4 Qd7 21.Rdg1 Bf6 22.Qh2 fxg6
23.hxg6 hxg6 24.Bb5 Nc6 25.Rxg6 Rf7 26.Qh5 Re7 27.Bg5 Kf8 28.Rxg7 Qc8 29.Bxf6
{#r} 1-0

[Event "It (open)"]
[Site "masterchessopen.com Paris (France)"]
[Round "9"]
[White "Roger Mehdi (FRA)"]
[Black "Lauer Ludovic (FRA)"]
[Result "0-1"]
[WhiteElo "2153"]
[BlackElo "2127"]

1.e4 c5 2.Nf3 Nc6 3.d4 cxd4 4.Nxd4 Nf6 5.Nc3 d6 6.Bg5 e6 7.Qd2 Be7 8.O-O-O O-O
9.Nb3 Qb6 10.Bd3 Bd7 11.Be3 Qc7 12.f4 Nb4 13.f5 e5 14.Bg5 a5 15.Kb1 a4 16.a3
Nxd3 17.Bxf6 Bxf6 18.Nd5 Qd8 19.cxd3 axb3 20.g4 Bg5 21.Qf2 Bh4 22.Qe2 Bc6
23.Ne3 d5 24.Ng2 dxe4 25.dxe4 Qe7 26.Rd3 Bb5 {#R} 0-1

[Event "It (open)"]
[Site "masterchessopen.com Santiago (Chile)"]
[Round "0"]
[White "Salas Cristian (CHI)"]
[Black "Brito Jaime (CHI)"]
[Result "0-1"]
[WhiteElo "2375"]
[BlackElo "2107"]

1.e4 c5 2.Nf3 Nc6 3.d4 cxd4 4.Nxd4 Nf6 5.Nc3 d6 6.Bg5 e6 7.Qd2 Be7 8.O-O-O O-O
9.Bc4 a6 10.f4 Nxd4 11.Qxd4 Qa5 12.Rhe1 Rd8 13.Bb3 e5 14.Qa4 Qc5 15.f5 b5
16.Qa5 Bb7 17.Bxf6 Bxf6 18.Re2 Rd7 19.Kb1 Bd8 20.Qa3 b4 21.Na4 Qb5 {#R} 0-1

[Event "Ch Switzerland (team)"]
[Site "masterchessopen.com Switzerland"]
[Round "2"]
[White "Domont Alexandre (SUI)"]
[Black "Georges Sacha (SUI)"]
[Result "0-1"]
[WhiteElo "2345"]
[BlackElo "2237"]

1.e4 c5 2.Nf3 d6 3.d4 cxd4 4.Nxd4 Nf6 5.Nc3 Nc6 6.Bg5 e6 7.Qd2 Be7 8.O-O-O O-O
9.Nb3 Qb6 10.h4 Rd8 11.h5 h6 12.Be3 Qc7 13.Be2 d5 14.exd5 Nxd5 15.Nxd5 Rxd5
16.Qc3 Bf6 17.Qc4 b5 18.Qg4 a5 19.Kb1 a4 20.Nd2 a3 21.Ne4 Be5 22.Bxh6 f5
23.Qg6 Qf7 24.Qxf7+ Kxf7 25.Ng5+ Kg8 26.Bf3 gxh6 27.Rxd5 exd5 28.Bxd5+ Kg7
29.Bxc6 Ra6 30.Nf3 Bxb2 31.Bxb5 Rb6 32.c4 Bb7 33.Rd1 Be4+ {#R} 0-1

[Event "It (open)"]
[Site "masterchessopen.com Aragon (Spain)"]
[Round "7"]
[White "Castillo Martinez Alberto (ESP)"]
[Black "Reig Albero Ferran (ESP)"]
[Result "0-1"]
[WhiteElo "2097"]
[BlackElo "2162"]

1.e4 c5 2.Nf3 d6 3.d4 cxd4 4.Nxd4 Nf6 5.Nc3 Nc6 6.Bg5 e6 7.Qd2 Be7 8.O-O-O
Nxd4 9.Qxd4 O-O 10.e5 dxe5 11.Qxe5 Qb6 12.f3 Rd8 13.Rxd8+ Qxd8 14.Bc4 Bd7
15.Rd1 Qc8 16.Qd4 Bc6 17.Ne4 Bxe4 18.fxe4 Qc7 19.Bb3 h6 20.Bh4 Qf4+ {#R} 0-1

[Event "It (open)"]
[Site "masterchessopen.com Avoine (France)"]
[Round "6"]
[White "Van Haastert Edwin (NED)"]
[Black "Inkiov Ventzislav (BUL)"]
[Result "0-1"]
[WhiteElo "2305"]
[BlackElo "2490"]

1.e4 c5 2.Nf3 d6 3.d4 cxd4 4.Nxd4 Nf6 5.Nc3 Nc6 6.Bg5 e6 7.Qd2 Be7 8.O-O-O
Nxd4 9.Qxd4 O-O 10.e5 dxe5 11.Qxe5 Bd7 12.h4 Qe8 13.Rh3 Bc6 14.Rg3 Kh8 15.Be2
Rd8 16.Rxd8 Qxd8 17.Rd3 Qc8 18.Bf3 h6 19.Bxf6 Bxf6 20.Qg3 Bxf3 21.Rxf3 Qc4
22.Rd3 Bxh4 23.Qf3 Rd8 24.Rxd8+ Bxd8 25.Qd1 Bf6 {#R} 0-1

[Event "Oberliga Baden 1994/95"]
[Site "masterchessopen.com Baden-Wuerttemberg (Germany)"]
[Round "0"]
[White "Bauer Manfred (GER)"]
[Black "Pangritz Peter (GER)"]
[Result "1-0"]
[WhiteElo "2128"]
[BlackElo "2116"]

1.e4 c5 2.Nf3 Nc6 3.d4 cxd4 4.Nxd4 Nf6 5.Nc3 d6 6.Bg5 e6 7.Qd2 Qc7 8.O-O-O a6
9.Qe1 Bd7 10.f4 Be7 11.Nf3 b5 12.e5 b4 13.exf6 gxf6 14.Nd5 exd5 15.Bxf6 Rg8
16.Nd4 Kd8 17.Qh4 Nxd4 18.Bxe7+ Ke8 19.Rxd4 Bf5 20.Bd3 Bxd3 21.Rxd3 Rxg2
22.Rd2 Rxd2 23.Kxd2 Qxe7 24.Re1 Ra7 25.Qxh7 Qxe1+ 26.Kxe1 Re7+ 27.Kf2 Rc7
28.h4 {#r} 1-0

[Event "It (open) \"]
[Site "masterchessopen.com Budapest (Hungary)"]
[Round "0"]
[White "Jovanovic Sasa D (SRB)"]
[Black "Videki Sandor (HUN)"]
[Result "0-1"]
[WhiteElo "2320"]
[BlackElo "2470"]

1.e4 c5 2.Nf3 d6 3.d4 cxd4 4.Nxd4 Nf6 5.Nc3 Nc6 6.Bg5 e6 7.Qd2 Be7 8.O-O-O O-O
9.Nb3 Qb6 10.f3 Rd8 11.g4 a6 12.Be3 Qc7 13.g5 Nd7 14.h4 b5 15.h5 b4 16.Ne2 a5
17.Ned4 Nde5 18.Kb1 d5 19.exd5 Rxd5 20.Qe1 a4 21.Nxc6 axb3 22.Nxe7+ Qxe7
23.cxb3 Nxf3 24.Qe2 Bb7 25.Bg2 Rf8 26.Qc4 Re5 27.Rd3 Rxe3 {#R} 0-1

[Event "Memorial Elekes"]
[Site "masterchessopen.com Budapest (Hungary)"]
[Round "0"]
[White "Fogarasi Tibor (HUN)"]
[Black "Almasi Istvan (HUN)"]
[Result "1-0"]
[WhiteElo "2515"]
[BlackElo "2395"]

1.e4 c5 2.Nf3 d6 3.d4 cxd4 4.Nxd4 Nf6 5.Nc3 Nc6 6.Bg5 e6 7.Qd2 Be7 8.O-O-O O-O
9.Nb3 Qb6 10.Be3 Qc7 11.f4 a6 12.Be2 b5 13.Bf3 Bb7 14.Kb1 Rfc8 15.Rhe1 Ne8
16.g4 g6 17.g5 Bf8 18.Qf2 Bg7 19.Bb6 Qe7 20.e5 Nd8 21.exd6 Nxd6 22.Bc5 Bxc3
23.bxc3 Rxc5 24.Qxc5 Bxf3 25.Qxd6 Qa7 26.Rd2 Nc6 27.Red1 Be4 28.Nc5 b4 29.c4
Na5 30.Nxe4 Nxc4 31.Qd8+ {#r} 1-0

[Event "It (open)"]
[Site "masterchessopen.com Gold Coast (Australia)"]
[Round "5"]
[White "Solomon Stephen J (AUS)"]
[Black "Rogers Ian (AUS)"]
[Result "0-1"]
[WhiteElo "2400"]
[BlackElo "2600"]

1.e4 c5 2.Nf3 d6 3.d4 cxd4 4.Nxd4 Nf6 5.Nc3 Nc6 6.Bg5 e6 7.Qd2 Be7 8.O-O-O O-O
9.Nb3 a6 10.f4 b5 11.Bxf6 gxf6 12.Bd3 Kh8 13.g4 b4 14.Ne2 a5 15.Rhg1 Qb6 16.f5
a4 17.Qh6 axb3 18.Rg3 Rg8 19.Rh3 Rg7 20.axb3 Ne5 21.g5 Ng4 22.Qh4 Nf2 {#R} 0-1

[Event "It (open)"]
[Site "masterchessopen.com Isle of Lewis (Scotland)"]
[Round "0"]
[White "Howell James C (ENG)"]
[Black "Umesh Santosh (SCO)"]
[Result "1-0"]
[WhiteElo "2525"]
[BlackElo "2225"]

1.e4 c5 2.Nf3 Nc6 3.d4 cxd4 4.Nxd4 Nf6 5.Nc3 d6 6.Bg5 e6 7.Qd2 Be7 8.O-O-O
Nxd4 9.Qxd4 a6 10.f4 O-O 11.Kb1 Qa5 12.Be2 Rd8 13.e5 dxe5 14.Qxe5 Qb6 15.Ne4
Nd7 16.Bxe7 {#r} 1-0

[Event "It (open)"]
[Site "masterchessopen.com Leeuwarden (Netherlands)"]
[Round "4"]
[White "De Vreugt Dennis (NED)"]
[Black "Vydeslaver Alik (ISR)"]
[Result "0-1"]
[WhiteElo "2270"]
[BlackElo "2445"]

1.e4 c5 2.Nf3 d6 3.d4 cxd4 4.Nxd4 Nf6 5.Nc3 Nc6 6.Bg5 e6 7.Qd2 Be7 8.O-O-O O-O
9.Nb3 a5 10.a4 d5 11.exd5 Nxd5 12.Bxe7 Ncxe7 13.Nxd5 Nxd5 14.Bc4 Qc7 15.Bxd5
exd5 16.Qg5 Bd7 17.Rd4 Rfc8 18.Qd2 Bf5 19.c3 Bg6 20.h4 h5 21.g4 Be4 22.Re1
hxg4 23.Qg5 Qb6 24.h5 Rc6 25.h6 Rg6 26.h7+ Kxh7 {#R} 0-1

[Event "It (open)"]
[Site "masterchessopen.com Leeuwarden (Netherlands)"]
[Round "2"]
[White "Liss Eran (ISR)"]
[Black "Van Delft Merijn (NED)"]
[Result "1-0"]
[WhiteElo "2480"]
[BlackElo "2413"]

1.e4 c5 2.Nf3 Nc6 3.d4 cxd4 4.Nxd4 Nf6 5.Nc3 d6 6.Bg5 e6 7.Qd2 Be7 8.O-O-O
Nxd4 9.Qxd4 O-O 10.f3 a6 11.Kb1 Qa5 12.Qd2 Rd8 13.Nd5 Qxd2 14.Nxe7+ Kf8
15.Bxd2 Kxe7 16.Ba5 Rd7 17.c4 Ne8 18.Be2 Rb8 19.Bb6 g6 20.h4 Ng7 21.Rd2 e5
22.Bd1 {#r} 1-0

[Event "It (cat.13) (active)"]
[Site "masterchessopen.com Lexington (USA)"]
[Round "5"]
[White "Fedorowicz John P (USA)"]
[Black "Gurevich Dmitry (USA)"]
[Result "0-1"]
[WhiteElo "2510"]
[BlackElo "2525"]

1.e4 c5 2.Nf3 d6 3.d4 cxd4 4.Nxd4 Nf6 5.Nc3 Nc6 6.Bg5 e6 7.Qd2 Be7 8.O-O-O O-O
9.Nb3 Qb6 10.g4 Nxg4 11.Rg1 Nge5 12.Rg3 f5 13.Bxe7 Nxe7 14.f4 N5g6 15.Rd3 fxe4
16.Rxd6 e3 17.Qe1 Qc7 18.Nb5 Qb8 19.Bd3 a6 20.Bxg6 Nxg6 21.Nc3 e5 22.fxe5 Bg4
23.R1d4 Nxe5 24.Qxe3 Nc4 25.Qg3 Nxd6 26.Rxd6 Qxd6 27.Qxd6 Rad8 28.Qxd8 Rxd8
29.Nc5 Bc8 30.b4 Rd4 31.a3 b6 32.N5a4 Rd6 33.Ne4 Re6 {#R} 0-1

[Event "Ch RLP (seniors)"]
[Site "masterchessopen.com Saarburg (Germany)"]
[Round "0"]
[White "Schaefer Gustav (GER)"]
[Black "Rueggeberg Wilhelm (GER)"]
[Result "0-1"]
[WhiteElo "1767"]
[BlackElo "1932"]

1.e4 c5 2.Nf3 d6 3.d4 cxd4 4.Nxd4 Nf6 5.Nc3 Nc6 6.Bg5 e6 7.Qd2 Be7 8.O-O-O O-O
9.Be2 h6 10.Be3 a6 11.f4 Bd7 12.Bf3 b5 13.Qf2 Rc8 14.g4 Qc7 15.Nxc6 Bxc6
16.Bb6 Qb7 17.e5 dxe5 18.Bc5 Bxc5 19.Bxc6 Qxc6 20.Qg3 Ne4 21.Nxe4 Qxe4 22.fxe5
{#R} 0-1

[Event "Ch Switzerland"]
[Site "masterchessopen.com Switzerland"]
[Round "0"]
[White "Forster Richard (SUI)"]
[Black "Pelletier Yannick (SUI)"]
[Result "0-1"]
[WhiteElo "2370"]
[BlackElo "2460"]

1.e4 c5 2.Nf3 Nc6 3.d4 cxd4 4.Nxd4 Nf6 5.Nc3 d6 6.Bg5 e6 7.Qd2 Be7 8.O-O-O O-O
9.Nb3 Qb6 10.f3 Rd8 11.Kb1 Qc7 12.Bd3 a6 13.Be3 b5 14.Qf2 Rb8 15.g4 Ne5 16.g5
Nfd7 17.h4 b4 18.Ne2 a5 19.h5 a4 20.Nbd4 b3 21.cxb3 Nc5 22.Bc2 Ba6 23.Nc1 a3
24.g6 Bf6 25.Qg2 Na4 26.Nce2 Rdc8 27.gxh7+ Kh8 28.Bg5 Bxg5 29.Qxg5 Nxf3 30.Qe3
Bxe2 31.h6 g5 32.Rc1 axb2 33.Rce1 Qc3 {#R} 0-1

[Event "It (open)"]
[Site "masterchessopen.com Barcelona (Spain)"]
[Round "2"]
[White "De La Riva Aguado Oscar (AND)"]
[Black "Escuder Jordi (ESP)"]
[Result "1-0"]
[WhiteElo "2490"]
[BlackElo "2298"]

1.e4 c5 2.Nf3 d6 3.d4 cxd4 4.Nxd4 Nf6 5.Nc3 Nc6 6.Bg5 e6 7.Qd2 Be7 8.O-O-O
Nxd4 9.Qxd4 Qa5 10.Bb5+ Kf8 11.f4 h6 12.Bh4 g5 13.fxg5 e5 14.Qd3 Nh5 15.Nd5
Bd8 16.Kb1 a6 17.Bc4 hxg5 18.Be1 Qa4 19.Rf1 Be6 20.Nb6 Bxc4 21.Nxc4 Rh6 22.g3
Qc6 23.Nxd6 Nf6 24.Nf5 Rxh2 25.Qxd8+ Rxd8 26.Rxd8+ {#r} 1-0

[Event "It (open)"]
[Site "masterchessopen.com Cappelle la Grande (France)"]
[Round "8"]
[White "Brodsky Michail (UKR)"]
[Black "Kasimdzhanov Rustam (UZB)"]
[Result "1-0"]
[WhiteElo "2510"]
[BlackElo "2435"]

1.e4 c5 2.Nf3 Nc6 3.d4 cxd4 4.Nxd4 Nf6 5.Nc3 d6 6.Bg5 e6 7.Qd2 Be7 8.O-O-O O-O
9.Nb3 Qb6 10.f3 a6 11.g4 Rd8 12.Be3 Qc7 13.g5 Ne8 14.Qf2 Rd7 15.Na4 Rd8 16.Bb6
Bxg5+ 17.f4 {#r} 1-0

[Event "It (cat.8)"]
[Site "masterchessopen.com Cetinje (Montenegro)"]
[Round "0"]
[White "Tringov Georgi P (BUL)"]
[Black "Vukovic Zdravko (MNE)"]
[Result "0-1"]
[WhiteElo "2395"]
[BlackElo "2475"]

1.e4 c5 2.Nf3 Nc6 3.d4 cxd4 4.Nxd4 Nf6 5.Nc3 d6 6.Bg5 e6 7.Qd2 Be7 8.O-O-O O-O
9.f3 Nxd4 10.Qxd4 a6 11.h4 Qa5 12.Kb1 b5 13.e5 dxe5 14.Qxe5 Bb7 15.Bd3 Rac8
16.Ne4 Bxe4 17.Bxe4 Rc5 18.Qh2 Rfc8 19.Bd3 Nd5 20.Bxe7 Nxe7 21.Be4 Nd5 22.Bxd5
exd5 23.Qe5 Rxc2 24.Rxd5 Rxg2 25.Rhd1 Rf8 26.a3 h6 27.Rd6 Qa4 28.Rc1 b4 29.Rd4
a5 30.Qd5 Re8 31.Rf4 Rxb2+ 32.Kxb2 bxa3+ {#R} 0-1

[Event "It (open)"]
[Site "masterchessopen.com Haarlem (Netherlands)"]
[Round "1"]
[White "Sternau Almar (NED)"]
[Black "Abeln Michiel (NED)"]
[Result "0-1"]
[WhiteElo "1882"]
[BlackElo "2322"]

1.e4 c5 2.Nf3 Nc6 3.d4 cxd4 4.Nxd4 Nf6 5.Nc3 d6 6.Bg5 e6 7.Qd2 Be7 8.O-O-O O-O
9.Nb3 Qb6 10.Be3 Qc7 11.f3 a6 12.Qf2 Nd7 13.g4 b5 14.h4 Nce5 15.g5 Rb8 16.a3
Nb6 17.Bd4 Nec4 18.f4 e5 19.Bxb6 Nxb6 20.f5 Rd8 21.Rg1 Bb7 22.Qf3 d5 23.exd5
Rbc8 24.Bg2 Nxd5 25.Rd3 Nxc3 26.Rxc3 Qb6 {#R} 0-1

[Event "It (open)"]
[Site "masterchessopen.com Haarlem (Netherlands)"]
[Round "3"]
[White "Van Den Doel Erik (NED)"]
[Black "Abeln Michiel (NED)"]
[Result "1-0"]
[WhiteElo "2440"]
[BlackElo "2322"]

1.e4 c5 2.Nf3 Nc6 3.d4 cxd4 4.Nxd4 Nf6 5.Nc3 d6 6.Bg5 e6 7.Qd2 Be7 8.O-O-O O-O
9.Nb3 Qb6 10.f3 Rd8 11.Kb1 a6 12.Be3 Qc7 13.Qf2 Nd7 14.g4 Nce5 15.g5 b5 16.h4
Rb8 17.h5 Nb6 18.Bc1 Nec4 19.Qh2 Bb7 20.Nd4 Rdc8 21.g6 Bf6 22.h6 fxg6 23.Bh3
Na4 24.Bxe6+ Kh8 25.Nxa4 Na3+ 26.bxa3 bxa4 27.hxg7+ Qxg7 28.Qxh7+ Qxh7
29.Rxh7+ Kxh7 30.Rh1+ {#r} 1-0

[Event "It (open)"]
[Site "masterchessopen.com Klatovy (Czech Republic)"]
[Round "0"]
[White "Havranek Miroslav (CZE)"]
[Black "Folk Petr (CZE)"]
[Result "1-0"]
[WhiteElo "2280"]
[BlackElo "2275"]

1.e4 c5 2.Nf3 Nc6 3.d4 cxd4 4.Nxd4 Nf6 5.Nc3 d6 6.Bg5 e6 7.Qd2 Be7 8.Nb3 O-O
9.O-O-O a6 10.f4 Qb6 11.Be2 h6 12.h4 Qb4 13.a3 Nxe4 14.Qe3 Nxc3 15.axb4 Nxd1
16.Bxd1 hxg5 17.hxg5 e5 18.Qg3 Bf5 19.Qh4 f6 20.Qh5 fxg5 21.fxg5 {#r} 1-0

[Event "Ch Pfalz (open)"]
[Site "masterchessopen.com Landau (Germany)"]
[Round "0"]
[White "Moeldner Juergen (GER)"]
[Black "Schmidt Ralf (GER)"]
[Result "1-0"]
[WhiteElo "2259"]
[BlackElo "2141"]

1.e4 c5 2.Nf3 d6 3.d4 cxd4 4.Nxd4 Nf6 5.Nc3 Nc6 6.Bg5 e6 7.Qd2 Be7 8.O-O-O O-O
9.f3 a6 10.Kb1 d5 11.exd5 Nxd5 12.Bxe7 Ncxe7 13.Nxd5 Nxd5 14.c4 Ne7 15.Nc2
Qxd2 16.Rxd2 Nf5 17.Bd3 e5 18.b3 Be6 19.Kb2 Rfd8 20.Re1 Nd4 21.Rxe5 Nxc2
22.Kxc2 Rac8 {#r} 1-0

[Event "It (open)"]
[Site "masterchessopen.com Las Vegas (USA)"]
[Round "0"]
[White "Odendahl Steven M (USA)"]
[Black "Kuczaj Chris"]
[Result "1-0"]
[WhiteElo "2420"]
[BlackElo "2000"]

1.e4 c5 2.Nf3 Nc6 3.d4 cxd4 4.Nxd4 Nf6 5.Nc3 d6 6.Bg5 e6 7.Qd2 Be7 8.O-O-O O-O
9.Nb3 h6 10.Bxf6 Bxf6 11.Qxd6 Bxc3 12.bxc3 Qf6 13.Qg3 a6 14.f4 e5 15.f5 Qe7
16.Bc4 b5 17.Bd5 Bb7 18.Rhf1 {#r} 1-0

[Event "It (open)"]
[Site "masterchessopen.com Montreal (Canada)"]
[Round "6"]
[White "Grondin Jean-Philippe (CAN)"]
[Black "Balogh Alex"]
[Result "0-1"]
[WhiteElo "2213"]
[BlackElo "1890"]

1.e4 c5 2.Nf3 Nc6 3.d4 cxd4 4.Nxd4 Nf6 5.Nc3 d6 6.Bg5 e6 7.Qd2 g6 8.O-O-O h6
9.Bxf6 Qxf6 10.Nxc6 bxc6 11.f4 Qd8 12.Qd4 Rb8 13.Na4 Qc7 14.a3 c5 15.Qc4 Qa5
16.Bd3 Bg7 17.Rhf1 Bd7 18.Nc3 Rb6 19.Rf3 O-O 20.Be2 Rfb8 21.Qa2 Bc6 22.Re3 Be8
23.Bf3 c4 24.Rde1 Qc5 25.Nd1 Bf6 26.c3 Ba4 27.R1e2 d5 28.e5 Be7 29.Re1 d4
30.cxd4 Qxd4 31.Re4 Qd3 {#R} 0-1

[Event "It (open)"]
[Site "masterchessopen.com Nova Gorica (Slovenia)"]
[Round "9"]
[White "Palac Mladen (CRO)"]
[Black "Pavasovic Dusko (SLO)"]
[Result "0-1"]
[WhiteElo "2540"]
[BlackElo "2495"]

1.e4 c5 2.Nf3 d6 3.d4 cxd4 4.Nxd4 Nf6 5.Nc3 Nc6 6.Bg5 e6 7.Qd2 Be7 8.O-O-O O-O
9.Nb3 Qb6 10.f3 Rd8 11.Be3 Qc7 12.Qf2 d5 13.exd5 Nxd5 14.Nxd5 Rxd5 15.Rxd5
exd5 16.Bb5 Na5 17.Kb1 Nc4 18.Bd4 Bf5 19.g4 Bg6 20.h4 Rc8 21.Rc1 h6 22.h5 Bh7
23.Nd2 Bxc2+ 24.Ka1 Bd3 25.Rc3 Qa5 26.Rxd3 Nxd2 27.Bc3 Nb3+ 28.Kb1 Qxb5 29.Qe2
Rxc3 {#R} 0-1

[Event "Ch Spain (team) (a)"]
[Site "masterchessopen.com Oropesa (Spain)"]
[Round "2"]
[White "De La Villa Garcia Jesus M (ESP)"]
[Black "Ruiz Garcia Jose Manuel (ESP)"]
[Result "1-0"]
[WhiteElo "2495"]
[BlackElo "2103"]

1.e4 c5 2.Nf3 d6 3.d4 cxd4 4.Nxd4 Nf6 5.Nc3 Nc6 6.Bg5 e6 7.Qd2 Be7 8.O-O-O O-O
9.Nb3 a6 10.f4 Qc7 11.Bxf6 gxf6 12.Qe2 Kh8 13.Qh5 Nd8 14.Rd3 Rg8 15.Rg3 Rg6
16.Bd3 b5 17.Rh3 Rg7 18.e5 f5 19.Bxf5 exf5 20.Nd5 Qc4 21.Nf6 Bxf6 22.exf6
Qxf4+ 23.Kb1 h6 24.fxg7+ Kxg7 25.Nd4 Bd7 26.Ne2 Qd2 27.Rd3 Qb4 28.Rd4 Qc5
29.Rh4 Qe3 30.Nf4 {#r} 1-0

[Event "Ch Hungary (juniors) (under 16)"]
[Site "masterchessopen.com Paks (Hungary)"]
[Round "9"]
[White "Toth Andras (HUN)"]
[Black "Olle Peter (HUN)"]
[Result "1-0"]
[WhiteElo "2215"]
[BlackElo "2216"]

1.e4 c5 2.Nf3 d6 3.d4 cxd4 4.Nxd4 Nf6 5.Nc3 Nc6 6.Bg5 e6 7.Qd2 Be7 8.O-O-O O-O
9.Nb3 a6 10.Bxf6 Bxf6 11.Qxd6 Bg5+ 12.Kb1 Qf6 13.Qc5 Ne5 14.g3 Nd7 15.Qd4 e5
16.Qd6 Qxf2 17.Nd5 Rd8 18.Bc4 b5 19.Rhf1 Qa7 20.Ne7+ Kh8 21.Bxf7 Bb7 22.Be6
Qb6 23.Nf5 Bxe4 24.Bxd7 Qxd6 25.Nxd6 {#r} 1-0

[Event "It (open)"]
[Site "masterchessopen.com Regensburg (Germany)"]
[Round "1"]
[White "Meissner Steffen (GER)"]
[Black "Barth Norbert (GER)"]
[Result "0-1"]
[WhiteElo "2015"]
[BlackElo "2190"]

1.e4 c5 2.Nf3 Nc6 3.d4 cxd4 4.Nxd4 Nf6 5.Nc3 d6 6.Bg5 e6 7.Qd2 Be7 8.O-O-O O-O
9.Be2 Nxd4 10.Qxd4 Qa5 11.h4 Bd7 12.Kb1 Bc6 13.f3 Rfd8 14.g4 b5 15.Bd3 b4
16.Ne2 e5 17.Qf2 d5 18.Ng3 Rd7 19.Nf5 Bd8 20.Qg2 Ne8 21.Bxd8 Raxd8 22.h5 Nd6
23.g5 dxe4 24.Bxe4 Nxf5 25.Rxd7 Bxd7 26.g6 fxg6 27.hxg6 h6 28.Qd2 Be6 29.b3
Ng3 {#R} 0-1

[Event "Tournament"]
[Site "masterchessopen.com Spain"]
[Round "5"]
[White "Nava Baro Enrique (ESP)"]
[Black "Rubio Doblas Fco Javier (ESP)"]
[Result "0-1"]
[WhiteElo "2191"]
[BlackElo "2040"]

1.e4 c5 2.Nf3 Nc6 3.d4 cxd4 4.Nxd4 Nf6 5.Nc3 d6 6.Bg5 e6 7.Qd2 h6 8.Bh4 Nxe4
9.Bxd8 Nxd2 10.Nxc6 bxc6 11.Ba5 Nxf1 12.O-O-O Ba6 13.Bb4 c5 14.Ba3 Be7 15.Ne4
Rd8 16.b4 f5 {#R} 0-1

[Event "It (open)"]
[Site "masterchessopen.com Tampere (Finland)"]
[Round "3"]
[White "Nouro Mikael (FIN)"]
[Black "Kiltti Jyrki (FIN)"]
[Result "1-0"]
[WhiteElo "2300"]
[BlackElo "2271"]

1.e4 c5 2.Nf3 Nc6 3.d4 cxd4 4.Nxd4 Nf6 5.Nc3 d6 6.Bg5 e6 7.Qd2 Be7 8.O-O-O O-O
9.Nb3 a6 10.Bxf6 Bxf6 11.Qxd6 Qb6 12.f4 Bxc3 13.bxc3 Rd8 14.Qc5 Rxd1+ 15.Kxd1
Qc7 16.g3 b6 17.Qe3 Bb7 18.Kc1 Rd8 19.Be2 e5 20.Rd1 Rxd1+ 21.Bxd1 Kf8 22.Be2
Qd8 23.Bc4 b5 24.Bd5 Qd6 25.Qb6 {#r} 1-0